Authorization of Coast Guard and maritime transportation programs : hearing before the Subcommittee on Coast Guard and Maritime Transportation of the Committee on Transportation and Infrastructure, House of Representatives, One Hundred Fifteenth Congress, first session, April 4, 2017.

Bibliographic Details
Corporate Author: United States. Congress. House. Committee on Transportation and Infrastructure. Subcommittee on Coast Guard and Maritime Transportation (Author)
Format: Government Document eBook
Language:English
Published: Washington : U.S. Government Publishing Office, 2017.
Subjects:
Online Access:https://purl.fdlp.gov/GPO/gpo85304

MARC

Tag First Indicator Second Indicator Subfields
LEADER 00000cam a2200000 i 4500
001 in00003906921
005 20190805141615.0
006 m o d f
007 cr bn||||a||||
008 171003s2017 dcua ob f000 0 eng c
035 |a (OCoLC)on1005141902 
042 |a pcc 
043 |a n-us--- 
040 |a GPO  |b eng  |e rda  |e pn  |c GPO  |d MERUC  |d OCLCF  |d GPO  |d IAD  |d LWA  |d UOK  |d YOR  |d GPO  |d MvI 
049 |a WWW 
050 1 4 |a KF27  |b .P89627 2017a 
074 |a 1024-C-01 (online) 
086 0 |a Y 4.T 68/2:115-9 
110 1 |a United States.  |b Congress.  |b House.  |b Committee on Transportation and Infrastructure.  |b Subcommittee on Coast Guard and Maritime Transportation,  |e author. 
245 1 0 |a Authorization of Coast Guard and maritime transportation programs :  |b hearing before the Subcommittee on Coast Guard and Maritime Transportation of the Committee on Transportation and Infrastructure, House of Representatives, One Hundred Fifteenth Congress, first session, April 4, 2017. 
246 3 0 |a Coast Guard and maritime transportation programs 
264 1 |a Washington :  |b U.S. Government Publishing Office,  |c 2017. 
300 |a 1 online resource (viii, 122 pages) :  |b illustrations 
336 |a text  |b txt  |2 rdacontent 
337 |a computer  |b c  |2 rdamedia 
338 |a online resource  |b cr  |2 rdacarrier 
500 |a "115-9." 
504 |a Includes bibliographical references. 
588 |a Description based on online resource; title from PDF title page (GPO, viewed October 3, 2017). 
610 1 0 |a United States.  |b Coast Guard  |x Operational readiness. 
610 1 0 |a United States.  |b Transportation Command  |x Operational readiness. 
610 1 0 |a United States.  |b Federal Maritime Commission  |x Rules and practice. 
610 1 0 |a United States.  |t Shipping Act of 1984. 
610 1 7 |a United States.  |b Coast Guard.  |2 fast  |0 (OCoLC)fst00549578 
610 1 7 |a United States.  |b Federal Maritime Commission.  |2 fast  |0 (OCoLC)fst00540307 
610 1 7 |a United States.  |b Transportation Command.  |2 fast  |0 (OCoLC)fst00659080 
630 0 7 |a Shipping Act of 1984 (United States)  |2 fast  |0 (OCoLC)fst01370010 
650 0 |a Maritime law. 
650 0 |a Marine service  |z United States. 
650 7 |a Marine service.  |2 fast  |0 (OCoLC)fst01009978 
650 7 |a Maritime law.  |2 fast  |0 (OCoLC)fst01010102 
650 7 |a Operational readiness (Military science)  |2 fast  |0 (OCoLC)fst01046384 
651 7 |a United States.  |2 fast  |0 (OCoLC)fst01204155 
655 7 |a Legislative hearings.  |2 lcgft 
655 7 |a Legislative hearings.  |2 fast  |0 (OCoLC)fst01910825 
655 7 |a Rules.  |2 fast  |0 (OCoLC)fst01423857 
776 0 8 |i Print version:  |a United States. Congress. House. Committee on Transportation and Infrastructure. Subcommittee on Coast Guard and Maritime Transportation.  |t Authorization of Coast Guard and maritime transportation programs  |w (OCoLC)1004958122 
776 0 8 |i Microfiche version:  |a United States. Congress. House. Committee on Transportation and Infrastructure. Subcommittee on Coast Guard and Maritime Transportation.  |t Authorization of Coast Guard and maritime transportation programs  |w (OCoLC)1102682394 
856 4 0 |u https://purl.fdlp.gov/GPO/gpo85304  |t 0 
999 f f |s 4235b44c-5267-3a36-ac1f-d068fcc952fd  |i 44c4502f-95ca-3ad4-b12f-50d5a20a37a9  |t 0 
952 f f |a Texas A&M University  |b College Station  |c Electronic Resources  |d Available Online  |t 0  |e Y 4.T 68/2:115-9  |h Superintendent of Documents classification 
998 f f |a Y 4.T 68/2:115-9  |t 0  |l Available Online